00743 a2200157 4500003000500000005001700005040000900022082001600031100002300047245004500070260003700115300001000152505038200162538002900544650001200573Nust20230329121405.0 cNust a796.358,WAR aWarner, Pelham Sir aThe Book of Cricket /cSir Pelham Warner aLonndonbSporting Handbook61942 a296:p aBatting (Page-1) Bowling (Page-34) Wicket-Keeping (Page-76) Fielding (page-84) Some Thoughts on Captaincy (page-102) Cricket in Making (Page-108) England and Australia (page-119) Some Cricketers of my Time (page-155) Some Cricketers of my Time (page-227) The greatest Game 1 Ever played in (Page-255) An Hounours School of Cricket (page-262) Cricket During the War (Page-278)  aAlmirah No.57 Shelf No.1 aCricket